000 00450nam a2200157 i 4500
001 149489
003 ES-MaACL
005 20230906203126.0
007 t|
008 071023s1971 sp ||||1| spa d
100 1 _aVázquez-Alba, Justo R.
_9113389
245 1 0 _aOscuridades que es preciso esclarecer /
_cJusto R. Vázquez-Alba.
260 _aVigo :
_b[Faro de Vigo],
_c1971.
300 _a83 p. ;
_c17 cm.
852 _aES-MaACL
_jC-49233
_bR.78829
999 _c149489
_d149489